Sports Quiz

Random Sports or WWE Quiz

WWE Wrestlers by '90s Action Figure Quiz Stats

 Plays Quiz Updated Feb 8, 2019

Support Sporcle.
Go Orange.
Score 0/30 Timer 06:00
10 Plays Today
Column Wrestler % Correct
Column 1Bret 'The Hitman' Hart
93.7%
Column 1The Undertaker
93.3%
Column 1Mr. Perfect
79.2%
Column 5Ric Flair
76.2%
Column 3Doink the Clown
76%
Column 4Yokozuna
76%
Column 5Razor Ramon
74.4%
Column 2Dusty Rhodes
73.9%
Column 4Animal
73.7%
Column 5Hawk
71.6%
Column 1I.R.S.
68.9%
Column 2Shawn Michaels
67.7%
Column 4The British Bulldog
66.2%
Column 2The Mountie
60.9%
Column 3Rick Steiner
60.3%
Column Wrestler % Correct
Column 3Lex Luger
59.6%
Column 1Ricky 'The Dragon' Steamboat
59.6%
Column 5Papa Shango
58.4%
Column 1Ax
58.4%
Column 2Smash
56.2%
Column 4Scott Steiner
55.8%
Column 3Butch
50.6%
Column 3Tatanka
50.2%
Column 2Luke
49.3%
Column 4Repo Man
48.8%
Column 3Crush
47.6%
Column 4Akeem
41.2%
Column 2Adam Bomb
39.3%
Column 5Warlord
34.1%
Column 5The Berzerker
30.3%

From the Vault

Plural Blitz

by gwukelic

All we know is that there are more than one.
Remove Ads.
Support Sporcle.
Get the best of Sporcle when you Go Orange. This ad-free experience offers more features, more stats, and more fun while also helping to support Sporcle. Thank you for becoming a member.

Show Comments

Extras

Top Quizzes Today


Score Distribution

Your Account Isn't Verified!

In order to create a playlist on Sporcle, you need to verify the email address you used during registration. Go to your Sporcle Settings to finish the process.

Report this User

Report this user for behavior that violates our Community Guidelines.

Details: